000 00497nam a22001577a 4500
003 NUST
038 _aNusrat Nadeem
082 _a200
100 _aShafiq, Usman
_9132736
245 _aContinuous Tracking Regain in Visual SLAM Failure Scenario/
_c Usman Shafiq,
264 _aIslamabad:
_bSEECS NUST.
_c2026.
650 _aMS-Electrical Engineering
_923567
700 _aSupervisor: Dr. Latif Anjum
_9120160
856 _u http://10.250.8.41:8080/xmlui/handle/123456789/57145
942 _2ddc
_cSC
999 _c615791
_d615791